Statystyki dla Państwa z literą Z jako drugą literą

Kliknij tutaj aby rozwiązać quiz!

Ogólne statystyki

  • Ten quiz został rozwiązany 1 094 razy
  • Średni wynik to 6 z 9

Statystyki odpowiedzi

Kraj% Poprawnych
Czechy
81%
Szwecja
78%
Azerbejdzan
73%
Szwajcaria
73%
Czarnogóra
65%
Czad
56%
Uzbekistan
55%
Izrael
47%
Dżibuti
36%

Rozkład punktacji

Percentyl według liczby udzielonych odpowiedzi

Procent ludzi z każdym wynikiem

Twoja historia wyników

Nie rozwiązałeś tego quizu